00844nam a2200205 a 450000100100000000500170001000800410002702000180006804000250008608200150011110000410012624500450016726000440021230000210025650000570027758600410033458600550037595201910043099900170062100004640320201002052839.0150807s2009 dr 000 0 spa d a9789945866728 aDO-SdBNPbspacBNPHU axxxxbxxxx1 aAguilar, Alejandro F.,d1958-97442510aFijar la mirada /cAlejandro F. Aguilar. aSanto Domingo :bCasa de Teatro,c2009. a210 p. ;c21 cm. aIncluye datos biográficos del autor en las solapas aPremio Internacional de Novela 2009. aPremio Internacional de Novela Casa de Teatro 2009 0010718PDaPDbPDcCTd2015-08-07iLF1l0oxxxx xxxxp46403-10r2020-06-25w2020-06-25yLFPDzPerteneció a la biblioteca personal de Chiqui Vicioso / Fidelio Despradel.ZNo se presta c45892d45892